Historia argentina /
Guardado en:
| Autor Principal: | |
|---|---|
| Formato: | Libro |
| Publicado: |
Argentina :
Troquel, 0
|
| Edición: | 10 |
| Materias: | |
| Etiquetas: |
Agregar Etiqueta
Sin Etiquetas, Sea el primero en etiquetar este registro!
|
| LEADER | 00603nam a22002175a 4500 | ||
|---|---|---|---|
| 001 | CEM.cems003378 | ||
| 005 | 19000101000000.0 | ||
| 008 | 130507b######################000#0#####d | ||
| 003 | CEMS | ||
| 082 | 0 | 4 | |a 982 |
| 100 | 1 | |a Ibañez, José Cosmelli | |
| 245 | 1 | 0 | |a Historia argentina / |c José Cosmelli Ibañez |
| 250 | |a 10 | ||
| 260 | |a Argentina : |b Troquel, 0 | ||
| 300 | |a 644 p. | ||
| 653 | |a America-descubrimiento | ||
| 653 | |a Historia | ||
| 653 | |a Historia argentina | ||
| 653 | |a Historia de america | ||
| 653 | |a Invasiones inglesas | ||
| 859 | |a CEMS |b BIB. CEMS - 11 de abril |h 982 |i Ib1a10 |p 9716.81 |t Ej.1 | ||
